| 000 | 01382nam a2200277 a 4500 | ||
|---|---|---|---|
| 001 | 000030245 | ||
| 005 | 20240527201743.0 | ||
| 008 | 110505s2012 pr 001 0 spa d | ||
| 020 | _a9789945455731 | ||
| 040 |
_aDO-SdBNP _bspa _cBNPHU |
||
| 082 |
_a321.08 _bM435s |
||
| 100 | 1 |
_aMattei Filardi, Luis _956930 |
|
| 245 | 1 | 0 |
_aLa sombra del imperio : _blos inicios del Consejo Ejecutivo en Puerto Rico (1900-19004) / _cLuis Mattei Filardi. |
| 260 |
_aSan Juan ; Santo Domingo : _bIsla Negra, _c2012. |
||
| 300 |
_a321 p. ; _c22 cm. |
||
| 490 | 1 | _aVisiones y cegueras | |
| 504 | _aBibliografía : p. 293-321 | ||
| 505 | 0 |
_gPrólogo -- _gIntroducción -- _tEl expansionismo estadounidense y el desarrollo político puertorriqueño en el siglo XIX -- _tEl proceso hacia el establecimiento de un gobierno civil en Puerto Rico bajo la soberanía de los Estados Unidos -- _tLa articulación del Consejo Ejecutivo -- _tEl Consejo Ejecutivo y las características principales de la labor legislativa -- _tLa legislación durante el cuatrienio del 1900 a 1904 -- _tConclusión -- _gBibliografía. |
|
| 590 | _aInventariado, 2018/LP | ||
| 650 | 4 |
_aProtectorados _956931 |
|
| 650 | 0 |
_aImperialismo _91499 |
|
| 651 | 4 |
_aEstados Unidos _xColonias _956932 |
|
| 651 | 4 |
_aPuerto Rico _xPolítica Y Gobierno _912599 |
|
| 830 | 0 |
_aVisiones y cegueras _91120 |
|
| 910 | _aValidado. Control de calidad EMS | ||
| 999 |
_c29737 _d29737 |
||